• Williams

di Personal Name

Records bibliografici associati: 2

001 - CONTROL NUMBER

  • control field: 24284

003 - CONTROL NUMBER IDENTIFIER

  • control field: IT-RoPau

005 - DATE AND TIME OF LATEST TRANSACTION

  • control field: 20140506164022.0

008 - FIXED-LENGTH DATA ELEMENTS

  • fixed length control field: 140506|| aca||aabn | a|a d

040 ## - CATALOGING SOURCE

  • Original cataloging agency: IT-RoPau
  • Transcribing agency: IT-RoPau

100 ## - HEADING--PERSONAL NAME

  • Personal name: Williams
  • Miscellaneous information: Codice autore SPICS: 20150
  • Name of part/section of a work: Round Midnight

670 ## - SOURCE DATA FOUND

  • Source citation: Work cat.: (IT-RoPau)100730: Monk Thelonious 24278, Thelonious Monk (Lp musica jazz 2Mjp 1063)
CREDITS: SOCIETA' SAN PAOLO Via A.Severo, 58 - ROMA (RM) & PERIODICI SAN PAOLO SRL Via Giotto, 36 MILANO & CISF Via Giotto, 36 MILANO & EDIZIONI SAN PAOLO SRL,  Piazza Soncino, 5 CINISELLO BALSAMO (MI) -- ITALY